Ecological and sociocultural reconstruction in the upper Delaware Valley /

Bibliographic Details
Main Author: Dent, Richard Joseph, 1951-
Format: Thesis Book
Language:English
Published: [Place of publication not identified] : [publisher not identified] ; [1979]
Subjects:

MARC

Tag First Indicator Second Indicator Subfields
LEADER 00000cam a2200000 a 4500
001 in00000922421
005 20150924171708.0
008 930719s1979 xx r 000 0 eng d
035 |a (OCoLC)28468984 
035 |9 AEP9959AM 
040 |a TXA  |c TXA  |d UtOrBLW 
043 |a n-us--- 
049 |a TXAM 
090 |a E78.D5  |b D46 1979a 
100 1 |a Dent, Richard Joseph,  |d 1951- 
245 1 0 |a Ecological and sociocultural reconstruction in the upper Delaware Valley /  |c by Richard Joseph Dent, Jr. 
264 1 |a [Place of publication not identified] :  |b [publisher not identified] ;  |c [1979] 
264 4 |c ©1979 
300 |a ix, 296 leaves :  |b illustrations ;  |c 29 cm. 
336 |a text  |b txt  |2 rdacontent 
337 |a unmediated  |b n  |2 rdamedia 
338 |a volume  |b nc  |2 rdacarrier 
504 |a Bibliography: leaves 280-296. 
502 |b Ph. D.  |c American University. 
533 |a Photocopy.  |b Ann Arbor, Mich. :  |c University Microfilms,  |c 1985.  |e 21 cm. 
539 |a s  |b 1985  |d miu  |e n  |g r 
651 0 |a Delaware River Valley (N.Y.-Del. and N.J.)  |x Antiquities. 
650 0 |a Indians of North America  |z Delaware River Valley (N.Y.-Del. and N.J.) 
650 0 |a Excavations (Archaeology)  |z Delaware River Valley (N.Y.-Del. and N.J.) 
999 |a MARS 
999 f f |s b338555d-4e54-3e1a-85c5-994754dc8f5e  |i 19de437e-2dcc-36a6-9cc1-2185d58886dd  |t 0 
952 f f |p ric  |a Texas A&M University  |b Rellis Campus  |c Joint Library Facility  |d Remote Storage  |t 0  |e E78.D5 D46 1979a  |h Library of Congress classification  |i unmediated -- volume  |m A14817384006 
998 f f |a E78.D5 D46 1979a  |t 0  |l Remote Storage